[Event "Campodarsego op 17th"]
[Site "Campodarsego"]
[Date "2006.01.20"]
[Round "1"]
[White "Pircher, Karl"]
[Black "Mukic, Josko"]
[Result "1-0"]
[WhiteElo "2018"]
[BlackElo "2329"]
[PlyCount "61"]
[EventDate "2006.01.20"]
[EventType "swiss"]
[EventRounds "5"]
[EventCountry "ITA"]
[SourceTitle "EXT 2007"]
[Source "ChessBase"]
[SourceDate "2006.11.23"]
[SourceVersion "1"]
[SourceVersionDate "2006.11.23"]
[SourceQuality "1"]

1. d4 Nf6 2. c4 e5 3. dxe5 Ng4 4. Bf4 g5 5. Bg3 Bg7 6. Nf3 Nc6 7. Nc3 Ngxe5 8. Nxe5 Nxe5 9. e4 h5 10. h4 g4 11. Qc2 d6 12. 0-0-0 b6 13. Kb1 Bd7 14. Bf4 a6 15. Be3 0-0 16. Be2 Be6 17. Nd5 b5 18. c5 Rb8 19. Bg5 f6 20. Be3 Bf7 21. f4 Nc4 22. Bd4 Re8 23. Nb4 Ra8 24. Rhe1 a5 25. Nd5 Bxd5 26. exd5 dxc5 27. Bxc5 Nd6 28. Qg6 Ne4 29. Bxb5 Nd2+ 30. Ka1 Rxe1 31. Rxe1 1-0

[Event "Arco op 27th"]
[Site "Arco"]
[Date "2005.10.27"]
[Round "6"]
[White "Caruana, Fabiano"]
[Black "Mukic, Josko"]
[Result "1-0"]
[WhiteElo "2373"]
[BlackElo "2328"]
[PlyCount "51"]
[EventDate "2005.10.22"]
[EventType "swiss"]
[EventRounds "9"]
[EventCountry "ITA"]
[SourceTitle "EXT 2006"]
[Source "ChessBase"]
[SourceDate "2005.11.24"]
[SourceVersion "1"]
[SourceVersionDate "2005.11.24"]
[SourceQuality "1"]

1. e4 d5 2. exd5 Qxd5 3. Nc3 Qd6 4. g3 Nf6 5. Bg2 h5 6. d4 c6 7. Bf4 Qb4 8. Qd2 Bf5 9. a3 Qb6 10. Na4 Qd8 11. Nc5 Qc8 12. Nf3 e6 13. 0-0 Nbd7 14. b4 Be7 15. Ne5 Nxc5 16. dxc5 Nd5 17. c4 Nxf4 18. Qxf4 0-0 19. Be4 Bxe4 20. Qxe4 Bf6 21. Rad1 Rd8 22. Rd6 Be7 23. Qf3 Rf8 24. Rd3 h4 25. Rfd1 a5 26. Nd7 1-0

[Event "Arco op 27th"]
[Site "Arco"]
[Date "2005.10.25"]
[Round "4"]
[White "Agdestein, Simen"]
[Black "Mukic, Josko"]
[Result "1-0"]
[WhiteElo "2582"]
[BlackElo "2328"]
[PlyCount "143"]
[EventDate "2005.10.22"]
[EventType "swiss"]
[EventRounds "9"]
[EventCountry "ITA"]
[SourceTitle "EXT 2006"]
[Source "ChessBase"]
[SourceDate "2005.11.24"]
[SourceVersion "1"]
[SourceVersionDate "2005.11.24"]
[SourceQuality "1"]

1. d4 Nf6 2. Nf3 g6 3. c4 Bg7 4. g3 0-0 5. Bg2 d6 6. Nc3 Nbd7 7. 0-0 e5 8. e4 exd4 9. Nxd4 Nc5 10. f3 a5 11. Be3 Nfd7 12. Re1 a4 13. f4 c6 14. Rb1 Re8 15. Bf2 Nf6 16. h3 Qa5 17. Qc2 Qb4 18. a3 Qa5 19. Rbd1 Bd7 20. g4 h5 21. g5 Nh7 22. Nf3 Be6 23. Bf1 Rad8 24. f5 Bc8 25. f6 Bf8 26. h4 Bg4 27. Bg2 Nb3 28. Rd3 Nc5 29. Rdd1 Nb3 30. Rd3 Nc5 31. Rde3 Be6 32. Bf1 Qa6 33. Nd2 Qa5 34. Rg3 Ra8 35. Be2 Nd7 36. Bd1 Nc5 37. Ree3 Rac8 38. Be2 Ra8 39. Bd1 Rac8 40. Be2 Ra8 41. Nf3 Bg4 42. Rxg4 hxg4 43. Nd4 d5 44. cxd5 Nb3 45. Nxb3 axb3 46. Qxb3 Bc5 47. Rd3 cxd5 48. Rxd5 Bxf2+ 49. Kxf2 Qc7 50. Kg2 Nf8 51. Bxg4 Ne6 52. Bxe6 Rxe6 53. Qd1 Qf4 54. h5 Re5 55. Rxe5 Qxe5 56. Qd5 Qxd5 57. Nxd5 gxh5 58. Kg3 Ra4 59. Nc3 Rd4 60. Kh4 Rd2 61. Kxh5 Rxb2 62. a4 Rb4 63. e5 Rc4 64. Nb5 Rxa4 65. Nd6 b6 66. g6 fxg6+ 67. Kxg6 Rd4 68. Nc8 b5 69. e6 Rg4+ 70. Kf5 Rg1 71. e7 Rf1+ 72. Kg4 1-0

[Event "Alta Padovana op 5th"]
[Site "Loreggia"]
[Date "2005.02.25"]
[Round "1"]
[White "Mukic, Josko"]
[Black "Pircher, Karl"]
[Result "1-0"]
[WhiteElo "2340"]
[BlackElo "2012"]
[PlyCount "103"]
[EventDate "2005.02.25"]
[EventType "swiss"]
[EventRounds "5"]
[EventCountry "ITA"]
[SourceTitle "EXT 2007"]
[Source "ChessBase"]
[SourceDate "2006.11.23"]
[SourceVersion "1"]
[SourceVersionDate "2006.11.23"]
[SourceQuality "1"]

1. f4 d5 2. Nf3 Nf6 3. e3 Bg4 4. h3 Bxf3 5. Qxf3 c6 6. g4 e6 7. b3 Ne4 8. h4 Be7 9. g5 h6 10. Bb2 hxg5 11. hxg5 Rxh1 12. Qxh1 g6 13. Qh8+ Kd7 14. Qh7 Qe8 15. Bg2 Nd6 16. Nc3 Na6 17. 0-0-0 Qg8 18. Rh1 Qxh7 19. Rxh7 Rg8 20. Ne2 Ke8 21. d3 Nc5 22. Kd2 Bf8 23. Ng1 Nf5 24. e4 dxe4 25. dxe4 Ng3 26. Ke3 Bd6 27. Nh3 Nd7 28. Kf3 Nh5 29. Bf1 Nf8 30. Rh6 Ng7 31. Nf2 Nh5 32. Ng4 Nd7 33. e5 Be7 34. Nf6+ Nhxf6 35. exf6 Bc5 36. Bc3 Nb6 37. Bd2 Nd5 38. Rh7 Kf8 39. c4 Nb4 40. a3 Nc2 41. b4 Bd6 42. c5 Bb8 43. a4 Nd4+ 44. Ke4 Nf5 45. Be1 Ke8 46. b5 Rf8 47. Bc4 Kd7 48. a5 Bc7 49. Bb4 Ng3+ 50. Kf3 Nh5 51. f5 exf5 52. Bxf7 1-0

[Event "Turin"]
[Site "Turin"]
[Date "2002.11.20"]
[Round "5"]
[White "Mukic, Josko"]
[Black "Sedina, Elena"]
[Result "0-1"]
[WhiteElo "2365"]
[BlackElo "2428"]
[PlyCount "62"]
[EventDate "2002.11.16"]
[EventType "tourn"]
[EventRounds "9"]
[EventCountry "ITA"]
[EventCategory "7"]
[SourceTitle "CBM 091 Extra"]
[Source "ChessBase"]
[SourceDate "2003.01.09"]
[SourceVersion "1"]
[SourceVersionDate "2003.01.09"]
[SourceQuality "1"]

1. Nf3 d5 2. g3 c6 3. Bg2 Bg4 4. 0-0 Nd7 5. d3 e6 6. b3 Ngf6 7. Bb2 Bd6 8. c4 0-0 9. Nbd2 Qe7 10. h3 Bh5 11. Rc1 Ba3 12. Qc2 h6 13. Bxa3 Qxa3 14. cxd5 exd5 15. g4 Bg6 16. Nh4 Bh7 17. f4 Qe7 18. Rf2 Nxg4 19. hxg4 Qxh4 20. Bf3 Qg3+ 21. Kf1 Qxf4 22. Bxd5 Qxg4 23. Bf3 Qe6 24. Rg2 Rfe8 25. Kg1 Ne5 26. Kh1 Rad8 27. Rcg1 Bg6 28. Be4 Bxe4 29. Nxe4 Ng6 30. Nc5 Qd5 31. Ne4 Re5 0-1

[Event "Turin"]
[Site "Turin"]
[Date "2002.11.19"]
[Round "4"]
[White "Blauert, Joerg"]
[Black "Mukic, Josko"]
[Result "1-0"]
[WhiteElo "2418"]
[BlackElo "2365"]
[PlyCount "95"]
[EventDate "2002.11.16"]
[EventType "tourn"]
[EventRounds "9"]
[EventCountry "ITA"]
[EventCategory "7"]
[SourceTitle "CBM 091 Extra"]
[Source "ChessBase"]
[SourceDate "2003.01.09"]
[SourceVersion "1"]
[SourceVersionDate "2003.01.09"]
[SourceQuality "1"]

1. e4 c5 2. c3 e5 3. Nf3 Nc6 4. d4 cxd4 5. cxd4 exd4 6. Nxd4 Nf6 7. Nc3 Bb4 8. Bc4 0-0 9. 0-0 Bxc3 10. bxc3 Nxe4 11. Ba3 Re8 12. Nb5 d6 13. Qd5 a6 14. Qxf7+ Kh8 15. Nxd6 Nxd6 16. Bxd6 Be6 17. Bxe6 Qxd6 18. Bb3 Re7 19. Qf3 Ne5 20. Qh3 Rf8 21. Rad1 Qb6 22. Rde1 g5 23. Re3 h6 24. Qg3 Qf6 25. Rfe1 Rfe8 26. Re4 h5 27. Qe3 g4 28. Qd4 Qg7 29. R1e3 Qf6 30. Rf4 Qg6 31. h3 Qg5 32. Bc2 Rd7 33. Qxd7 Nxd7 34. Rxe8+ Kg7 35. g3 Ne5 36. Bb3 Nf3+ 37. Kh1 Qb5 38. Re7+ Kh6 39. Re6+ Kg7 40. Re7+ Kh6 41. Re6+ Kg7 42. c4 Qc5 43. Kg2 Ng5 44. Ref6 Nxh3 45. Rf7+ Kh8 46. Rf8+ Kg7 47. R4f7+ Kh6 48. Bc2 1-0

[Event "Turin"]
[Site "Turin"]
[Date "2002.11.18"]
[Round "3"]
[White "Mukic, Josko"]
[Black "Etchegaray, Patrice"]
[Result "1-0"]
[WhiteElo "2365"]
[BlackElo "2347"]
[PlyCount "107"]
[EventDate "2002.11.16"]
[EventType "tourn"]
[EventRounds "9"]
[EventCountry "ITA"]
[EventCategory "7"]
[SourceTitle "CBM 091 Extra"]
[Source "ChessBase"]
[SourceDate "2003.01.09"]
[SourceVersion "1"]
[SourceVersionDate "2003.01.09"]
[SourceQuality "1"]

1. Nf3 d5 2. c4 c6 3. b3 Bg4 4. Ne5 Bh5 5. g4 Bg6 6. Bb2 e6 7. Bg2 Nd7 8. Nxg6 hxg6 9. d3 Ngf6 10. h3 Qc7 11. g5 Nh5 12. e3 dxc4 13. bxc4 Qa5+ 14. Kf1 Qxg5 15. Nc3 Qa5 16. Qb3 Nb6 17. Ne4 Qa4 18. Bd4 Qxb3 19. axb3 Nc8 20. Ke2 Be7 21. b4 Bxb4 22. Rhb1 Be7 23. Rxb7 0-0 24. Ra6 f5 25. Nd2 Bf6 26. Bxf6 Nxf6 27. Bxc6 Nd6 28. Re7 Rad8 29. Rxe6 Rf7 30. Nf3 Rc7 31. Ne5 g5 32. c5 Nf7 33. d4 Rb8 34. Nxf7 Kxf7 35. Re5 Rb2+ 36. Kf1 g4 37. hxg4 fxg4 38. Kg2 Rc2 39. Bd5+ Kf8 40. Be4 Rc1 41. Bg6 Rb7 42. c6 Rb8 43. d5 g3 44. Ra2 a5 45. fxg3 a4 46. Rf2 Rc5 47. d6 Rxc6 48. d7 Kg8 49. Re8+ Nxe8 50. dxe8Q+ Rxe8 51. Bxe8 Ra6 52. Bf7+ Kh7 53. g4 a3 54. Bd5 1-0

[Event "Turin"]
[Site "Turin"]
[Date "2002.11.17"]
[Round "2"]
[White "Godena, Michele"]
[Black "Mukic, Josko"]
[Result "1-0"]
[WhiteElo "2506"]
[BlackElo "2365"]
[PlyCount "55"]
[EventDate "2002.11.16"]
[EventType "tourn"]
[EventRounds "9"]
[EventCountry "ITA"]
[EventCategory "7"]
[SourceTitle "CBM 091 Extra"]
[Source "ChessBase"]
[SourceDate "2003.01.09"]
[SourceVersion "1"]
[SourceVersionDate "2003.01.09"]
[SourceQuality "1"]

1. e4 d5 2. exd5 Qxd5 3. Nc3 Qa5 4. g3 c6 5. Bg2 Nf6 6. Nf3 e5 7. Qe2 Bd6 8. d4 Nbd7 9. Bd2 0-0 10. Ne4 Bb4 11. Nxf6+ Nxf6 12. Bxb4 Qxb4+ 13. c3 Qa5 14. Nxe5 Re8 15. 0-0 Ng4 16. Nxc6 Rxe2 17. Nxa5 Rxb2 18. h3 Nf6 19. Rfb1 Rc2 20. Nxb7 Bxb7 21. Bxb7 Re8 22. Rc1 Rb2 23. Bf3 g5 24. g4 Rd2 25. Rd1 Rc2 26. Rac1 Rxa2 27. c4 Rb8 28. c5 1-0

[Event "Kastav Hotel Opatija 02"]
[Site "Kastav"]
[Date "2002.02.26"]
[Round "8"]
[White "Bistric, Faruk"]
[Black "Mukic, Josko"]
[Result "1-0"]
[WhiteElo "2486"]
[BlackElo "2379"]
[PlyCount "41"]
[EventDate "2002.02.22"]
[EventType "tourn"]
[EventRounds "13"]
[EventCountry "CRO"]
[EventCategory "5"]
[SourceTitle "CBM 086 Extra"]
[Source "ChessBase"]
[SourceDate "2002.03.14"]
[SourceVersion "1"]
[SourceVersionDate "2002.03.14"]
[SourceQuality "1"]

1. Nf3 Nf6 2. g3 g6 3. b3 Bg7 4. Bb2 0-0 5. Bg2 d6 6. d4 c5 7. 0-0 Ne4 8. Qc1 cxd4 9. Bxd4 e5 10. Bb2 Nc5 11. c4 Nc6 12. Nc3 Re8 13. Rd1 e4 14. Ne1 Nd4 15. e3 Nc6 16. Nb5 Ne5 17. Nxd6 Bg4 18. Nxe8 Qxe8 19. Rd6 Ncd3 20. Nxd3 exd3 21. Bxe5 1-0

[Event "Verona op 8th"]
[Site "Verona"]
[Date "2002.01.??"]
[Round "4"]
[White "Mukic, Josko"]
[Black "Berni, Giorgio"]
[Result "1-0"]
[WhiteElo "2379"]
[BlackElo "2160"]
[PlyCount "107"]
[EventDate "2002.01.02"]
[EventType "swiss"]
[EventRounds "7"]
[EventCountry "ITA"]
[SourceTitle "EXT 2004"]
[Source "ChessBase"]
[SourceDate "2003.11.25"]
[SourceVersion "1"]
[SourceVersionDate "2003.11.25"]
[SourceQuality "1"]

1. Nf3 Nf6 2. b3 c5 3. Bb2 e6 4. e3 b6 5. d4 Bb7 6. Bd3 Be7 7. 0-0 0-0 8. Nbd2 d6 9. c4 Nbd7 10. Qe2 Re8 11. Rfd1 Qc7 12. Rac1 Rac8 13. Bb1 Qb8 14. Qd3 Qa8 15. Re1 Bf8 16. Qc2 g6 17. dxc5 dxc5 18. e4 e5 19. Bc3 Nh5 20. Qb2 f6 21. Nf1 Nf4 22. N3d2 a6 23. Ne3 b5 24. Qc2 Ne6 25. Nd5 Bxd5 26. exd5 Nd4 27. Qd1 Bh6 28. Bd3 b4 29. Bb2 f5 30. f3 Qb8 31. Rb1 Bf4 32. Nf1 Nf6 33. g3 Bh6 34. Be2 Bg7 35. a3 a5 36. Ra1 e4 37. f4 h6 38. axb4 axb4 39. Ra2 g5 40. Ne3 gxf4 41. Bxd4 cxd4 42. Nxf5 d3 43. Bxd3 exd3 44. Ne7+ Kf7 45. Nxc8 Rxe1+ 46. Qxe1 Qxc8 47. Qd1 Qc5+ 48. Kg2 Qe3 49. Rf2 fxg3 50. hxg3 Kg8 51. Rf3 Ng4 52. Qxd3 Qc5 53. d6 Ne5 54. d7 1-0

[Event "Montecatini Terme 6th"]
[Site "Montecatini Terme"]
[Date "2001.11.06"]
[Round "5"]
[White "Vignato, Giovanni"]
[Black "Mukic, Josko"]
[Result "0-1"]
[WhiteElo "2123"]
[BlackElo "2362"]
[PlyCount "68"]
[EventDate "2001.11.03"]
[EventType "tourn"]
[EventRounds "10"]
[EventCountry "ITA"]
[EventCategory "3"]
[SourceTitle "EXT 2002"]
[Source "ChessBase"]
[SourceDate "2001.11.25"]
[SourceVersion "1"]
[SourceVersionDate "2001.11.25"]
[SourceQuality "1"]

1. d4 Nf6 2. e3 g6 3. f4 Bg7 4. Nf3 0-0 5. c3 b6 6. Bc4 d5 7. Bd3 Ba6 8. Bxa6 Nxa6 9. Qd3 Qc8 10. 0-0 c5 11. Bd2 c4 12. Qe2 Nc7 13. Be1 Nce8 14. Bh4 Nd6 15. Nbd2 Rd8 16. Ng5 h6 17. Ngf3 b5 18. Ne5 a5 19. a3 Rb8 20. g4 b4 21. axb4 axb4 22. Ra7 bxc3 23. bxc3 Rb2 24. Qd1 Nb5 25. Qa1 Rxd2 26. Ra5 Nd6 27. h3 h5 28. f5 gxf5 29. Be1 Re2 30. g5 Nfe4 31. Qd1 Rxe3 32. Qxh5 Qe6 33. g6 fxg6 34. Nxg6 Ng3 0-1

[Event "Montecatini Terme 6th"]
[Site "Montecatini Terme"]
[Date "2001.11.05"]
[Round "3"]
[White "Sciortino, Massimo"]
[Black "Mukic, Josko"]
[Result "0-1"]
[WhiteElo "2201"]
[BlackElo "2362"]
[PlyCount "88"]
[EventDate "2001.11.03"]
[EventType "tourn"]
[EventRounds "10"]
[EventCountry "ITA"]
[EventCategory "3"]
[SourceTitle "EXT 2002"]
[Source "ChessBase"]
[SourceDate "2001.11.25"]
[SourceVersion "1"]
[SourceVersionDate "2001.11.25"]
[SourceQuality "1"]

1. e4 d5 2. exd5 Qxd5 3. Nc3 Qa5 4. d4 c6 5. Nf3 Nf6 6. Bd2 Bf5 7. Bc4 e6 8. Qe2 Bb4 9. 0-0-0 Nbd7 10. Nh4 Bg4 11. f3 Bxc3 12. bxc3 Bh5 13. g4 Bg6 14. Bb3 Nb6 15. Kb1 Na4 16. Qc4 Nb6 17. Qb4 Qa6 18. c4 0-0-0 19. Bf4 Rd7 20. Ng2 h5 21. g5 Ne8 22. Rhe1 h4 23. Re5 Na8 24. d5 Nac7 25. Ne3 f6 26. Rxe6 Nxe6 27. dxe6 Rxd1+ 28. Nxd1 Qb6 29. Qa4 Qd4 30. c5 Qxd1+ 31. Kb2 a6 32. c3 Qd8 33. Bc4 Nc7 34. Bd6 Re8 35. gxf6 gxf6 36. Bf1 Bf5 37. e7 Rxe7 38. Qf4 Bd7 39. Qxh4 Re8 40. Bd3 Nd5 41. Qa4 Nc7 42. h4 Nb5 43. Bg3 Rg8 44. Bxb5 Rxg3 0-1

[Event "Salento op 6th"]
[Site "Gallipoli"]
[Date "2001.06.29"]
[Round "1"]
[White "Rotelli, Pietro"]
[Black "Mukic, Josko"]
[Result "0-1"]
[WhiteElo "1779"]
[BlackElo "2268"]
[PlyCount "72"]
[EventDate "2001.06.29"]
[EventType "swiss"]
[EventRounds "6"]
[EventCountry "ITA"]
[SourceTitle "EXT 2002"]
[Source "ChessBase"]
[SourceDate "2001.11.25"]
[SourceVersion "1"]
[SourceVersionDate "2001.11.25"]
[SourceQuality "1"]

1. d4 Nf6 2. c4 e5 3. d5 Bc5 4. e3 d6 5. Nc3 c6 6. Be2 cxd5 7. cxd5 a6 8. a3 b5 9. b4 Ba7 10. Bb2 Nbd7 11. e4 Qb6 12. Nh3 Nf8 13. 0-0 Bxh3 14. gxh3 Ng6 15. Bc1 Rc8 16. Be3 Qb7 17. Qd2 Bxe3 18. Qxe3 Nf4 19. Rac1 Qd7 20. h4 h5 21. Rfe1 Ng4 22. Qg3 Rh6 23. h3 Nf6 24. Kh2 Rg6 25. Qe3 Rg2+ 26. Kh1 Rxf2 27. Bf1 Rb2 28. Ne2 Nxe2 29. Bxe2 Rbc2 30. Rxc2 Rxc2 31. Bf1 Qc8 32. Qg5 Qc3 33. Re3 Qd2 34. Qg1 Rc1 35. Rf3 Kf8 36. Rf2 Qe3 0-1

[Event "Estensi op"]
[Site "Estensi"]
[Date "2001.06.10"]
[Round "9"]
[White "Naumkin, Igor"]
[Black "Mukic, Josko"]
[Result "0-1"]
[WhiteElo "2446"]
[BlackElo "2268"]
[PlyCount "64"]
[EventDate "2001.06.02"]
[EventType "swiss"]
[EventRounds "9"]
[EventCountry "ITA"]
[SourceTitle "CBM 082 Extra"]
[Source "ChessBase"]
[SourceDate "2001.07.03"]
[SourceVersion "1"]
[SourceVersionDate "2001.07.03"]
[SourceQuality "1"]

1. d4 Nf6 2. Nf3 g6 3. c4 Bg7 4. Nc3 d5 5. cxd5 Nxd5 6. Bd2 0-0 7. Rc1 Nb6 8. e3 Nc6 9. Bb5 e5 10. Bxc6 exd4 11. Nxd4 bxc6 12. 0-0 c5 13. Nf3 Be6 14. e4 Nc4 15. Rc2 Rb8 16. Qc1 Ne5 17. Nxe5 Bxe5 18. Bh6 Re8 19. f4 Bd4+ 20. Kh1 f5 21. Bg5 Qd7 22. exf5 Bxf5 23. Rd2 Qc6 24. Qd1 Re6 25. Rxd4 cxd4 26. Qxd4 Rd6 27. Qf2 Re8 28. Kg1 a5 29. h3 Rd3 30. Bh4 Ree3 31. Re1 Rxe1+ 32. Qxe1 Bxh3 0-1

[Event "Estensi op"]
[Site "Estensi"]
[Date "2001.06.07"]
[Round "6"]
[White "Mukic, Josko"]
[Black "Schleining, Zoya"]
[Result "1-0"]
[WhiteElo "2268"]
[BlackElo "2411"]
[PlyCount "79"]
[EventDate "2001.06.02"]
[EventType "swiss"]
[EventRounds "9"]
[EventCountry "ITA"]
[SourceTitle "CBM 082 Extra"]
[Source "ChessBase"]
[SourceDate "2001.07.03"]
[SourceVersion "1"]
[SourceVersionDate "2001.07.03"]
[SourceQuality "1"]

1. d4 Nf6 2. Bg5 Ne4 3. Bf4 d5 4. f3 Nf6 5. e4 dxe4 6. Nc3 exf3 7. Nxf3 Bg4 8. Bc4 e6 9. Qe2 c6 10. 0-0-0 Be7 11. h3 Bxf3 12. Qxf3 Nbd7 13. g4 0-0 14. h4 Nd5 15. Nxd5 cxd5 16. Bd3 Nb6 17. g5 Na4 18. Bb5 Qa5 19. Qb3 a6 20. Bd3 b5 21. Bd2 Qc7 22. h5 Rac8 23. Rdg1 f5 24. gxf6 Bxf6 25. Rg4 Kh8 26. Kb1 Nb6 27. c3 Nc4 28. Bc1 e5 29. Bf5 exd4 30. Bxc8 Qxc8 31. Rf4 dxc3 32. bxc3 Qe6 33. h6 g5 34. Rff1 Qe5 35. Qc2 b4 36. Rf5 Qd6 37. Rhf1 bxc3 38. Ka1 Kg8 39. Bxg5 Na3 40. Qg2 1-0

[Event "Estensi op"]
[Site "Estensi"]
[Date "2001.06.03"]
[Round "2"]
[White "Skembris, Spyridon"]
[Black "Mukic, Josko"]
[Result "1-0"]
[WhiteElo "2450"]
[BlackElo "2268"]
[PlyCount "57"]
[EventDate "2001.06.02"]
[EventType "swiss"]
[EventRounds "9"]
[EventCountry "ITA"]
[SourceTitle "CBM 082 Extra"]
[Source "ChessBase"]
[SourceDate "2001.07.03"]
[SourceVersion "1"]
[SourceVersionDate "2001.07.03"]
[SourceQuality "1"]

1. d4 Nf6 2. c4 e5 3. dxe5 Ng4 4. Nf3 Bc5 5. e3 Nc6 6. Be2 0-0 7. Nc3 Ngxe5 8. Nxe5 Nxe5 9. 0-0 Re8 10. b3 a5 11. Na4 Ba7 12. c5 d5 13. cxd6 c6 14. Bb2 b5 15. Nc3 Qh4 16. Qc2 Bg4 17. Rad1 Re6 18. Bxg4 Nxg4 19. h3 Rxe3 20. Ne4 Rxh3 21. gxh3 Qxh3 22. Rfe1 f5 23. d7 Rd8 24. Nc5 Qh2+ 25. Kf1 Qh3+ 26. Ke2 Nxf2 27. Qc3 Qxc3 28. Bxc3 b4 29. Kxf2 1-0

[Event "Montecatini Terme"]
[Site "Montecatini Terme"]
[Date "2001.02.15"]
[Round "4"]
[White "Sciortino, Massimo"]
[Black "Mukic, Josko"]
[Result "0-1"]
[WhiteElo "2150"]
[BlackElo "2263"]
[PlyCount "55"]
[EventDate "2001.02.12"]
[EventType "tourn"]
[EventRounds "11"]
[EventCountry "ITA"]
[EventCategory "3"]
[SourceTitle "CBM 080 Extra"]
[Source "ChessBase"]
[SourceDate "2001.03.08"]
[SourceVersion "1"]
[SourceVersionDate "2001.03.08"]
[SourceQuality "1"]

1. e4 d5 2. exd5 Qxd5 3. Nc3 Qa5 4. d4 c6 5. Nf3 Nf6 6. Bc4 Bf5 7. Bd2 e6 8. Nd5 Qd8 9. Nxf6+ gxf6 10. Bf4 Nd7 11. c3 Nb6 12. Bb3 Bd6 13. Bxd6 Qxd6 14. Qd2 Rg8 15. Nh4 Be4 16. f3 Bd5 17. 0-0-0 a5 18. Bxd5 cxd5 19. g3 0-0-0 20. Rhe1 Rd7 21. Qh6 f5 22. Ng2 Rc7 23. Re2 Na4 24. Rd3 Kb8 25. Ne3 Qa6 26. Kc2 Nxb2 27. Rdd2 Rxc3+ 28. Kxb2 0-1